[Event "Villahermosa Mexican op (Women)"]
[Site "Villahermosa"]
[Date "2021.08.08"]
[Round "7"]
[White "Martinez de La Trinidad, Alexandra"]
[Black "Mendez Tovar, Jessica Yissel"]
[Result "1/2-1/2"]
[WhiteElo "1889"]
[BlackElo "2036"]
[PlyCount "99"]
[EventDate "2021.08.05"]
[EventType "swiss"]
[EventRounds "9"]
[EventCountry "MEX"]
[SourceTitle "EXT 2022"]
[Source "ChessBase"]
[SourceDate "2021.10.06"]
[SourceVersion "1"]
[SourceVersionDate "2021.10.06"]
[SourceQuality "1"]

1. d4 Nf6 2. c4 g6 3. Nc3 Bg7 4. e4 d6 5. h3 0-0 6. Bg5 c5 7. d5 a6 8. a4 e6 9. Bd3 Qe8 10. Nf3 exd5 11. cxd5 c4 12. Bxf6 Bxf6 13. Bxc4 Bxc3+ 14. bxc3 Qxe4+ 15. Qe2 Re8 16. Qxe4 Rxe4+ 17. Be2 Nd7 18. Kd2 Nc5 19. Bd1 Bd7 20. Bc2 Re7 21. a5 Bb5 22. Rhe1 Rae8 23. Rxe7 Rxe7 24. Re1 Rxe1 25. Nxe1 Bc4 26. Ke3 Bxd5 27. Kd4 Bc6 28. f3 Kf8 29. Nd3 Nxd3 30. Bxd3 Ke7 31. c4 Kd7 32. c5 dxc5+ 33. Kxc5 Kc7 34. h4 h6 35. Bc4 f6 36. Bd3 g5 37. hxg5 hxg5 38. Bf5 Be8 39. Be6 Bc6 40. Bc4 Kd7 41. Kb6 g4 42. fxg4 Bxg2 43. Kc5 Kc7 44. Be6 Bf3 45. Bf5 Bc6 46. Be6 Bf3 47. Bf5 Bc6 48. Be6 Bf3 49. Bf5 Bc6 50. Be6 1/2-1/2

[Event "Villahermosa Mexican op (Women)"]
[Site "Villahermosa"]
[Date "2021.08.08"]
[Round "8"]
[White "Mendez Tovar, Jessica Yissel"]
[Black "Flores Rodriguez, Astrid Aphril"]
[Result "1-0"]
[WhiteElo "2036"]
[BlackElo "1618"]
[PlyCount "61"]
[EventDate "2021.08.05"]
[EventType "swiss"]
[EventRounds "9"]
[EventCountry "MEX"]
[SourceTitle "EXT 2022"]
[Source "ChessBase"]
[SourceDate "2021.10.06"]
[SourceVersion "1"]
[SourceVersionDate "2021.10.06"]
[SourceQuality "1"]

1. e4 c5 2. Nf3 e6 3. d4 cxd4 4. Nxd4 a6 5. Nc3 Qc7 6. Bd3 Nc6 7. Nb3 Nf6 8. 0-0 d6 9. f4 g6 10. Qf3 Bg7 11. Bd2 0-0 12. Ne2 Rb8 13. c4 b6 14. Bc3 Bb7 15. Qh3 Rbc8 16. Rac1 Rfd8 17. Nd2 Ne8 18. Nf3 Qe7 19. Bxg7 Kxg7 20. Ng3 Nb4 21. Bb1 d5 22. exd5 exd5 23. Rce1 Qc5+ 24. Kh1 Nf6 25. f5 dxc4 26. fxg6 hxg6 27. Nh4 Rh8 28. Ngf5+ Kg8 29. Ne7+ Kg7 30. Nhf5+ gxf5 31. Nxf5+ 1-0

[Event "FIDE World Cup Mexico Qual (Women)"]
[Site "Mexico City"]
[Date "2021.05.27"]
[Round "2"]
[White "Avila Bautista, Teresa Alejandra"]
[Black "Mendez Tovar, Jessica Yissel"]
[Result "1-0"]
[WhiteElo "1661"]
[BlackElo "2035"]
[PlyCount "77"]
[EventDate "2021.05.26"]
[EventType "swiss"]
[EventRounds "9"]
[EventCountry "MEX"]
[SourceTitle "CBM 202 Extra"]
[Source "ChessBase"]
[SourceDate "2021.07.31"]
[SourceVersion "1"]
[SourceVersionDate "2021.07.31"]
[SourceQuality "1"]

1. c4 e5 2. Nc3 c5 3. g3 Nc6 4. Bg2 g6 5. d3 Bg7 6. e3 Nge7 7. Nge2 d6 8. 0-0 0-0 9. h3 Be6 10. Nd5 Rb8 11. Nec3 Qd7 12. Kh2 b6 13. a3 f5 14. Rb1 a5 15. Qc2 g5 16. f4 h6 17. Rf2 Ng6 18. Ne2 b5 19. cxb5 Rxb5 20. Qa4 Rbb8 21. Bd2 Rfe8 22. Nf6+ Bxf6 23. Bxc6 Qf7 24. Bxe8 Qxe8 25. Qxe8+ Rxe8 26. Bxa5 exf4 27. gxf4 Ba2 28. Ra1 Bb3 29. Bc3 Bxc3 30. Nxc3 Rxe3 31. fxg5 Rxd3 32. gxh6 f4 33. a4 Be6 34. a5 Rxh3+ 35. Kg1 Bc8 36. a6 Kh7 37. a7 Bb7 38. Rh2 Rg3+ 39. Kf1 1-0

[Event "Wch U18 Girls"]
[Site "Al Ain"]
[Date "2013.12.21"]
[Round "5"]
[White "Botez, Alexandra"]
[Black "Mendez Tovar, Jessica Yissel"]
[Result "1-0"]
[WhiteElo "2086"]
[BlackElo "1887"]
[PlyCount "107"]
[EventDate "2013.12.18"]
[EventType "swiss"]
[EventRounds "11"]
[EventCountry "UAE"]
[SourceTitle "CBM 158 Extra"]
[Source "ChessBase"]
[SourceDate "2014.02.28"]
[SourceVersion "1"]
[SourceVersionDate "2014.02.28"]
[SourceQuality "1"]

1. d4 Nf6 2. c4 g6 3. Nc3 Bg7 4. e4 d6 5. f3 0-0 6. Be3 Na6 7. Qd2 Re8 8. Bd3 c5 9. d5 Rb8 10. Nb5 Nb4 11. Be2 a6 12. Nc3 a5 13. a3 Na6 14. Nb5 Bd7 15. Rb1 b6 16. g4 Nc7 17. Nxc7 Qxc7 18. g5 Nh5 19. h4 e6 20. Kf2 exd5 21. Qxd5 Bc6 22. Qd2 Qe7 23. Bd3 b5 24. Ne2 b4 25. Rhd1 Qe6 26. axb4 Rxb4 27. Bc2 Bf8 28. b3 Reb8 29. Nf4 Nxf4 30. Bxf4 a4 31. Bxd6 Bxd6 32. Qxd6 axb3 33. Qxe6 fxe6 34. Bd3 Kf7 35. Rb2 Ra8 36. Ke3 e5 37. Kd2 Ke7 38. Kc3 Ra7 39. Be2 Ba4 40. Rd5 Rc7 41. Rxc5 Rcb7 42. Rxe5+ Kd6 43. Rd5+ Ke6 44. c5 Ke7 45. Bc4 Rb8 46. Rd6 R4b7 47. Re6+ Kf8 48. Rf6+ Ke8 49. Ra6 Bb5 50. Bxb5+ Rxb5 51. Kc4 Rb4+ 52. Kd5 Rd8+ 53. Ke6 Kf8 54. c6 1-0

[Event "Wch U18 Girls"]
[Site "Al Ain"]
[Date "2013.12.21"]
[Round "4"]
[White "Mendez Tovar, Jessica Yissel"]
[Black "Utiatskaja, Irina"]
[Result "1/2-1/2"]
[WhiteElo "1887"]
[BlackElo "2069"]
[PlyCount "133"]
[EventDate "2013.12.18"]
[EventType "swiss"]
[EventRounds "11"]
[EventCountry "UAE"]
[SourceTitle "CBM 158 Extra"]
[Source "ChessBase"]
[SourceDate "2014.02.28"]
[SourceVersion "1"]
[SourceVersionDate "2014.02.28"]
[SourceQuality "1"]

1. d4 Nf6 2. c4 g6 3. Nc3 Bg7 4. e4 d6 5. Nf3 0-0 6. Be2 Na6 7. 0-0 e5 8. Rb1 exd4 9. Nxd4 Nc5 10. f3 a5 11. Be3 Re8 12. Ndb5 b6 13. Qd2 Bb7 14. Rfd1 Qd7 15. b3 Ne6 16. Nd5 Red8 17. e5 Ne8 18. exd6 Nxd6 19. Ndxc7 Nxb5 20. Qxd7 Rxd7 21. Nxb5 Rxd1+ 22. Rxd1 Nc5 23. Nc7 Rc8 24. Nd5 Re8 25. Kf2 Bxd5 26. Rxd5 Bf8 27. Rd1 Rb8 28. Bd3 Be7 29. Bf4 Rc8 30. Be4 Na6 31. Rd7 Re8 32. Bd6 Bxd6 33. Rxd6 Re6 34. Rxe6 fxe6 35. Ke3 Kf7 36. Kd4 Kf6 37. a3 h6 38. Bc2 g5 39. Be4 Nc7 40. b4 e5+ 41. Kc3 Na6 42. Bd3 axb4+ 43. axb4 Nc7 44. Be4 Ke6 45. Bb7 Kd6 46. Kd3 Ne6 47. Ke4 Nd4 48. c5+ bxc5 49. bxc5+ Kxc5 50. Kxe5 Nc2 51. f4 gxf4 52. Kxf4 Kd4 53. Kf5 Ne3+ 54. Kg6 Ke5 55. h3 Nf5 56. g4 Nd6 57. Bc6 Kf4 58. Bd7 Kg3 59. Kxh6 Kh4 60. Be6 Ne4 61. Bd5 Nf6 62. Bf3 Kxh3 63. g5 Ng8+ 64. Kg7 Kh4 65. g6 Ne7 66. Kf6 Nxg6 67. Kxg6 1/2-1/2

[Event "Wch U18 Girls"]
[Site "Al Ain"]
[Date "2013.??.??"]
[Round "1"]
[White "Saduakassova, Dinara"]
[Black "Mendez Tovar, Jessica Yissel"]
[Result "1-0"]
[WhiteElo "2357"]
[BlackElo "1887"]
[PlyCount "65"]
[EventDate "2013.12.18"]
[EventType "swiss"]
[EventRounds "11"]
[EventCountry "UAE"]
[SourceTitle "CBM 158 Extra"]
[Source "ChessBase"]
[SourceDate "2014.02.28"]
[SourceVersion "1"]
[SourceVersionDate "2014.02.28"]
[SourceQuality "1"]

1. d4 Nf6 2. c4 g6 3. Nc3 Bg7 4. e4 d6 5. Nf3 0-0 6. Be2 e5 7. 0-0 Nc6 8. d5 Ne7 9. b4 Ne8 10. c5 h6 11. Nd2 f5 12. Nc4 Nf6 13. f3 f4 14. Ba3 Ne8 15. b5 Rf6 16. Qb3 Kh8 17. b6 axb6 18. cxd6 cxd6 19. Rab1 b5 20. Nxb5 g5 21. Nc3 h5 22. Nb6 Rb8 23. Qa4 g4 24. Qa7 gxf3 25. Qxb8 fxe2 26. Nxe2 Rg6 27. Rf2 f3 28. Ng3 h4 29. Nf5 Bh6 30. Rxf3 Nxf5 31. exf5 Rg8 32. Qxc8 Qg5 33. Qc2 1-0

[Event "Wch U18 Girls"]
[Site "Maribor"]
[Date "2012.11.17"]
[Round "10.30"]
[White "Mendez Tovar, Jessica Yissel"]
[Black "Mahmutbegovic, Nadina"]
[Result "0-1"]
[WhiteElo "1889"]
[BlackElo "1730"]
[PlyCount "68"]
[EventDate "2012.11.08"]
[EventType "swiss"]
[EventRounds "11"]
[EventCountry "SLO"]
[SourceTitle "EXT 2013"]
[Source "ChessBase"]
[SourceDate "2012.11.22"]
[SourceVersion "1"]
[SourceVersionDate "2012.11.22"]
[SourceQuality "1"]

1. d4 d5 2. c4 e6 3. Nc3 Nf6 4. Nf3 Be7 5. e3 0-0 6. Bd3 dxc4 7. Bxc4 b6 8. 0-0 Bb7 9. Re1 c5 10. b3 cxd4 11. Nxd4 Nc6 12. Nxc6 Bxc6 13. Qc2 Qc7 14. Bd3 Bd6 15. h3 Rac8 16. Bb2 Qb7 17. e4 e5 18. Qe2 Qe7 19. Red1 h6 20. Nd5 Bxd5 21. exd5 Nxd5 22. Bf5 Nf4 23. Qg4 Rcd8 24. Re1 h5 25. Qg3 g6 26. Bc2 Rfe8 27. Re4 h4 28. Qc3 Qg5 29. g3 hxg3 30. fxg3 Rc8 31. Qe1 Nxh3+ 32. Kh1 Rxc2 33. Bc1 Qh5 34. Rh4 Qf3# 0-1